[Event "XIII. Solinger Karnevalsopen"]
[Site "Solingen"]
[Date "2024.02.10"]
[Round "3.2"]
[White "Volkov, Mykyta"]
[Black "Kliashtornyi, Arkadii"]
[Result "0-1"]
[WhiteElo "2259"]
[BlackElo "1978"]
[Annotator "Fränzel,Marius"]
[PlyCount "116"]
[EventDate "2024.??.??"]
[WhiteTeam "Elberfelder SG"]
[BlackTeam "SF Moers e. V."]

1. d4 d5 2. c4 c6 3. Nf3 Nf6 4. Qc2 dxc4 5. e4 b5 6. b3 cxb3 7. axb3 e6 8. Bd3
Qb6 9. Nc3 Bb7 10. O-O Na6 11. Qe2 Nb4 12. Bb1 a6 13. Bg5 h6 14. Bh4 g5 15. Bg3
g4 16. Be5 Be7 17. Ne1 Rg8 18. Qe3 Nd7 19. Bf4 O-O-O 20. Nc2 Nf6 21. Nxb4 Bxb4
22. Ne2 h5 23. Rc1 Be7 {(=)} 24. Ba2 Ne8 25. b4 Bxb4 26. Bxe6+ fxe6 27. Qb3 Nd6
28. Qxb4 Nxe4 29. Qe7 Rde8 30. Qf7 Rgf8 31. Qxh5 Nxf2 32. Kxf2 e5 33. Qxg4+ Kb8
34. Kg1 exf4 35. Rf1 f3 36. Ng3 fxg2 37. Rxf8 Rxf8 38. Rd1 c5 39. d5 c4+ 40.
Kxg2 Qf2+ 41. Kh1 Rh8 42. h4 Re8 43. Ne4 Qc2 44. Nf6 Re2 45. Nd7+ Kc7 46. Qf4+
Kxd7 47. Qg4+ Kd6 48. Qf4+ Kc5 49. Qf8+ Kb6 50. Qd6+ Ka7 51. Qc5+ Kb8 52. Qd6+
Kc8 53. Qf8+ Kd7 54. Qg7+ Re7 55. Qg4+ Kd6 56. Qf4+ Kc5 57. Qd4+ Kb4 58. Rd2
Qe4+ 0-1

[Event "XIII. Solinger Karnevalsopen"]
[Site "Solingen"]
[Date "2024.02.10"]
[Round "3.3"]
[White "Stark, Timo"]
[Black "Grabowski, Pawel"]
[Result "0-1"]
[WhiteElo "1892"]
[BlackElo "2235"]
[PlyCount "78"]
[EventDate "2024.??.??"]
[WhiteTeam "SC Neckarsulm e.V."]
[BlackTeam "Godesberger SK 1929 e. V"]

1. e4 e5 2. Nf3 Nc6 3. Bc4 g6 4. c3 Bg7 5. O-O d6 6. d4 exd4 7. cxd4 Nge7 8. h3
O-O 9. Nc3 Na5 10. Bd3 d5 11. e5 b6 12. Bg5 Be6 13. Rc1 h6 14. Bh4 Qd7 15. b4
Nac6 16. Bb5 g5 17. Bg3 a6 18. Bxc6 Nxc6 19. a3 Ne7 20. Ne2 Nf5 21. Qc2 Rfc8
22. Qd3 Qb5 23. Qd2 c5 24. bxc5 bxc5 25. dxc5 Rxc5 26. Ned4 Qb6 27. Nxf5 Bxf5
28. Rxc5 Qxc5 29. h4 g4 30. Nd4 Be4 31. f3 gxf3 32. gxf3 Qxa3 33. Qf4 Bg6 34.
e6 Rf8 35. exf7+ Rxf7 36. Qb8+ Kh7 37. Bf2 Qd3 38. Ne6 Qxf3 39. Nxg7 Be4 0-1

[Event "XIII. Solinger Karnevalsopen"]
[Site "Solingen"]
[Date "2024.02.10"]
[Round "3.4"]
[White "Michalczak, Thomas"]
[Black "Kovalyov, Dima"]
[Result "1/2-1/2"]
[WhiteElo "2203"]
[BlackElo "1602"]
[Annotator "Fränzel,Marius"]
[PlyCount "116"]
[EventDate "2024.??.??"]
[WhiteTeam "SG Solingen e. V."]
[BlackTeam "SG Solingen e. V."]

1. e4 c6 2. d4 d5 3. Nc3 dxe4 4. Nxe4 Nf6 5. Nxf6+ exf6 6. c3 Bd6 7. Bd3 Nd7 8.
Qc2 h6 9. Ne2 O-O 10. O-O Re8 11. Ng3 Nf8 12. Nf5 Bxf5 13. Bxf5 Qc7 14. h3 Bf4
15. Bxf4 Qxf4 16. Rfe1 Qd6 17. Qb3 Qc7 {(=)} 18. g3 Qb6 19. Qxb6 axb6 20. Rxe8
Rxe8 21. Kf1 Ng6 22. Re1 Rxe1+ 23. Kxe1 Ne7 24. Bd7 g5 25. c4 f5 26. Kd2 Kg7
27. Kc3 Kg6 28. a4 h5 29. Kb4 h4 30. gxh4 gxh4 31. a5 bxa5+ 32. Kxa5 Kg5 33.
Kb6 Kf4 34. Kxb7 Ke4 35. Bxc6+ Kxd4 36. b3 Kc5 37. Bg2 Ng6 38. Kc7 Ne5 {(=)}
39. Bf1 Nf3 40. Kd7 Nd4 41. Ke7 Nxb3 42. Kf6 Nd2 43. Bd3 Kd4 44. Bxf5 Nxc4 45.
Kg5 Ke5 46. f4+ Kd6 47. Kf6 Ne3 48. Be4 Nd5+ 49. Bxd5 Kxd5 50. Kf5 Kd4 51. Kg5
Ke4 52. Kg4 f6 53. f5 Ke5 54. Kxh4 Kxf5 55. Kg3 Kg6 56. Kf4 Kh5 57. Kf5 Kh4 58.
Kxf6 Kxh3 1/2-1/2

[Event "XIII. Solinger Karnevalsopen"]
[Site "Solingen"]
[Date "2024.02.10"]
[Round "3.5"]
[White "Diduh, Ihor"]
[Black "Immel, Kaspar"]
[Result "1-0"]
[WhiteElo "2030"]
[BlackElo "1065"]
[PlyCount "57"]
[EventDate "2024.??.??"]
[WhiteTeam "Polizeisport-Verein Duisburg 192"]
[BlackTeam "SG Solingen e. V."]

1. e4 d6 2. d4 Nf6 3. Bd3 g6 4. c3 Bg7 5. Nf3 c5 6. O-O O-O 7. h3 Qc7 8. Qe2
cxd4 9. cxd4 Nfd7 10. Nc3 Nb6 11. a4 Nc6 12. a5 Nd7 13. Be3 a6 14. Qd2 e5 15.
Nd5 Qd8 16. dxe5 Ndxe5 17. Nxe5 Nxe5 18. Be2 f5 19. Bg5 Qe8 20. Nc7 Qf7 21.
Nxa8 fxe4 22. Nb6 Bxh3 23. gxh3 Qf5 24. Ra3 Nf3+ 25. Bxf3 exf3 26. Qd5+ Kh8 27.
Qxf5 Rxf5 28. Bd2 Rh5 29. Rxf3 1-0

[Event "XIII. Solinger Karnevalsopen"]
[Site "Solingen"]
[Date "2024.02.10"]
[Round "3.6"]
[White "Jugelt, Tobias"]
[Black "Gelsok, Philipp"]
[Result "1-0"]
[WhiteElo "2367"]
[BlackElo "1929"]
[PlyCount "59"]
[EventDate "2024.??.??"]
[WhiteTeam "Bochumer SV 02"]
[BlackTeam "Bergische SF 1923 Ber"]

1. d4 Nf6 2. g3 g6 3. Bg2 Bg7 4. e4 d6 5. Nc3 O-O 6. Nge2 e5 7. O-O c6 8. a4
Be6 9. h3 Bc4 10. Be3 Nbd7 11. Qd2 Qe7 12. Rfd1 Bxe2 13. Qxe2 a6 14. a5 Rfe8
15. Qc4 exd4 16. Bxd4 c5 17. Be3 Ne5 18. Qa4 Nc6 19. Rd2 Rad8 20. Bg5 Nb4 21.
Rad1 Rf8 22. Qb3 Qc7 23. Bf4 Qxa5 24. Bxd6 Rfe8 25. Qc4 Rc8 26. e5 b5 27. Qh4
Nd7 28. f4 Qb6 29. Ne4 Re6 30. Ng5 1-0

[Event "XIII. Solinger Karnevalsopen"]
[Site "Solingen"]
[Date "2024.02.10"]
[Round "3.7"]
[White "Reinhardt, Klaus"]
[Black "Marcziter, Dmitrii"]
[Result "0-1"]
[WhiteElo "1774"]
[BlackElo "2187"]
[PlyCount "76"]
[EventDate "2024.??.??"]
[WhiteTeam "vereinslos"]
[BlackTeam "SG Porz e. V."]

1. Nf3 Nf6 2. c4 g6 3. g3 Bg7 4. Bg2 O-O 5. O-O d6 6. Nc3 e5 7. d3 Nc6 8. e4
Nd7 9. Rb1 a5 10. b3 Nc5 11. a3 Ne6 12. b4 axb4 13. axb4 Ned4 14. Nxd4 Nxd4 15.
Ne2 c6 16. Nxd4 exd4 17. f4 f5 18. Re1 Bd7 19. c5 Be6 20. cxd6 Qxd6 21. e5 Qd7
22. Qc2 Rfc8 23. Bb2 Bf8 24. Qd2 Ra4 25. Qc2 Rxb4 26. Ra1 Rb3 27. Ra7 Rb5 28.
Qf2 Bc5 29. Ra4 Rd8 30. h4 Rb3 31. Qe2 Bb4 32. Rc1 Bc3 33. Ba3 b5 34. Ra6 b4
35. Bxc6 Qe7 36. Bxb4 Rxb4 37. Kf2 Rb2 38. Rc2 Rdb8 0-1

[Event "XIII. Solinger Karnevalsopen"]
[Site "Solingen"]
[Date "2024.02.10"]
[Round "3.8"]
[White "Villwock, Martin"]
[Black "Anschuetz, Wolfgang"]
[Result "1-0"]
[WhiteElo "2096"]
[BlackElo "1895"]
[PlyCount "43"]
[EventDate "2024.??.??"]
[WhiteTeam "SF Essen-Katernberg 0"]
[BlackTeam "Duesseldorfer SK 14/25 e."]

1. e4 e6 2. d4 d5 3. Nc3 Bb4 4. a3 Bxc3+ 5. bxc3 dxe4 6. Qg4 Nf6 7. Qxg7 Rg8 8.
Qh6 Rg6 9. Qe3 Bd7 10. Bb2 Bc6 11. c4 Ng4 12. Qd2 Qf6 13. Nh3 Nd7 14. O-O-O Qf5
15. f3 exf3 16. d5 exd5 17. Bd3 Qe6 18. Rhe1 Nge5 19. Nf4 Qd6 20. Nxg6 hxg6 21.
Bxe5 Nxe5 22. Rxe5+ 1-0

[Event "XIII. Solinger Karnevalsopen"]
[Site "Solingen"]
[Date "2024.02.10"]
[Round "3.9"]
[White "Stark, Sven"]
[Black "Ngo, Quang Thai"]
[Result "0-1"]
[WhiteElo "1788"]
[BlackElo "2094"]
[PlyCount "132"]
[EventDate "2024.??.??"]
[WhiteTeam "SC Neckarsulm e.V."]
[BlackTeam "Aachener SV 1856 e. V."]

1. e4 c5 2. c3 d5 3. exd5 Qxd5 4. Na3 a6 5. Nf3 Nf6 6. Nc2 Nc6 7. Be2 e5 8. d3
Be7 9. O-O O-O 10. Re1 Re8 11. Nd2 b5 12. Bf3 Qd7 13. Bxc6 Qxc6 14. Rxe5 Qd6
15. Nf3 Ng4 16. Re4 Bf5 17. Bf4 Qd8 18. Re1 Qxd3 19. Ne3 Qxd1 20. Raxd1 Nxe3
21. Rxe3 Bf8 22. Rde1 Rxe3 23. Rxe3 Rd8 24. Re1 f6 25. h3 g5 26. Be3 h5 27. Nd2
c4 28. Nf3 Kf7 29. Nd4 Bc8 30. f3 Kg6 31. g4 Bd6 32. Kf2 Rh8 33. Kg2 hxg4 34.
fxg4 Bb7+ 35. Nf3 Bxf3+ 36. Kxf3 Rxh3+ 37. Ke4 Rh2 38. b3 Rxa2 39. bxc4 bxc4
40. Kd5 Bg3 41. Rg1 Bh2 42. Rf1 Be5 43. Bd4 Bxd4 44. cxd4 Rg2 45. Ke6 Re2+ 46.
Kd6 c3 47. d5 c2 48. Kd7 Kf7 49. Rc1 Rd2 50. d6 f5 51. Kc7 fxg4 52. d7 g3 53.
d8=Q Rxd8 54. Kxd8 g2 55. Kd7 Kf6 56. Kd6 Kf5 57. Kd5 Kf4 58. Kd4 Kf3 59. Kd3
Kf2 60. Rxc2+ Kg3 61. Rc5 g4 62. Rc1 Kh2 63. Rc2 Kh1 64. Rc1+ g1=Q 65. Kd2
Qxc1+ 66. Kxc1 g3 0-1

[Event "XIII. Solinger Karnevalsopen"]
[Site "Solingen"]
[Date "2024.02.10"]
[Round "3.10"]
[White "Bub, Volker"]
[Black "Atar, Efecan"]
[Result "1-0"]
[WhiteElo "2050"]
[BlackElo "1597"]
[Annotator "Fränzel,Marius"]
[PlyCount "99"]
[EventDate "2024.??.??"]
[WhiteTeam "SC Tornado 86 Hochneukirch"]
[BlackTeam "SG Solingen e. V."]

1. Nf3 d5 2. g3 Nf6 3. Bg2 e6 4. O-O c5 5. d3 Nc6 6. Nbd2 Be7 7. e4 d4 8. Nc4
b5 9. Nce5 Nxe5 10. Nxe5 Qc7 11. f4 O-O 12. a4 b4 13. b3 Nd7 {(=)} 14. Ng4 Bb7
15. h4 f5 16. Nf2 Rf6 17. Qe2 Rg6 18. Kh2 Re8 19. Bh3 Rf6 20. Bd2 Bd6 21. exf5
Nf8 22. Rae1 Bc6 23. Ne4 Bxe4 24. Qxe4 Re7 25. fxe6 Nxe6 26. Qd5 Qd7 27. Re4
Kf8 28. Rfe1 Nc7 29. Qb7 Qd8 30. Qxa7 Nd5 31. Rxe7 Bxe7 32. Qd7 Qxd7 33. Bxd7
h6 34. Be6 Ne3 35. Bxe3 Rxe6 36. Bf2 Rxe1 37. Bxe1 Bd8 38. h5 Bc7 39. Kg2 Ke7
40. Kf3 Ke6 41. Ke4 Bd8 42. g4 Bf6 43. a5 Bd8 44. a6 Bb6 45. Bh4 Ba7 46. g5 Bb8
47. Bg3 Ba7 48. f5+ Ke7 49. gxh6 gxh6 50. Bf4 1-0

[Event "XIII. Solinger Karnevalsopen"]
[Site "Solingen"]
[Date "2024.02.10"]
[Round "3.11"]
[White "Asadzade, Muhammed"]
[Black "Schuricht, Emil Frederick"]
[Result "1-0"]
[WhiteElo "1621"]
[BlackElo "2040"]
[PlyCount "53"]
[EventDate "2024.??.??"]
[WhiteTeam "SV 1919 Koenigsspr"]
[BlackTeam "Krefelder SK Turm 1851 e"]

1. d4 d5 2. c4 c6 3. cxd5 cxd5 4. Nc3 Nf6 5. Bf4 Nc6 6. h3 Qb6 7. e3 e5 8. dxe5
Qxb2 9. Qc1 Ba3 10. exf6 Qxc1+ 11. Rxc1 Bxc1 12. fxg7 Rg8 13. Nxd5 Bf5 14. Nc7+
Ke7 15. Nxa8 Rxa8 16. Bc4 Bb2 17. Bg5+ Bf6 18. h4 Be6 19. Bd3 Rg8 20. Ne2 Bxa2
21. Ng3 Bxg5 22. hxg5 f6 23. Bxh7 Rd8 24. Nf5+ Kf7 25. g6+ Ke6 26. Nh6 Ne7 27.
g8=Q+ 1-0

[Event "XIII. Solinger Karnevalsopen"]
[Site "Solingen"]
[Date "2024.02.10"]
[Round "3.12"]
[White "Hagenhoff, Georg"]
[Black "Vortmeier, Jan"]
[Result "1-0"]
[WhiteElo "1737"]
[BlackElo "1987"]
[PlyCount "79"]
[EventDate "2024.??.??"]
[WhiteTeam "LSV Turm Lippstadt"]
[BlackTeam "Polizeisport-Verein Duisburg 192"]

1. b4 Nf6 2. Bb2 g6 3. Nf3 Bg7 4. e3 O-O 5. c4 d6 6. Be2 e5 7. d4 exd4 8. exd4
c6 9. O-O Na6 10. a3 Nc7 11. Nc3 d5 12. c5 Re8 13. Re1 Ne6 14. g3 h5 15. Ne5
Qc7 16. f4 Bh6 17. Bf3 Ng7 18. Qd2 Nf5 19. Qd3 Nh7 20. Re2 Rd8 21. Rae1 Nf8 22.
Bg2 Ne6 23. Nd1 h4 24. Rf1 a5 25. g4 Nxf4 26. Rxf4 Bxf4 27. gxf5 Bxf5 28. Qf3
Bg5 29. Nf2 axb4 30. axb4 Ra4 31. Bh3 Bxh3 32. Nxh3 Bh6 33. Rg2 Rxb4 34. Nf4
Kh7 35. Qg4 Bxf4 36. Qxf4 Qe7 37. Rf2 f5 38. Bc1 Kg8 39. Rg2 Qh7 40. Rxg6+ 1-0

[Event "XIII. Solinger Karnevalsopen"]
[Site "Solingen"]
[Date "2024.02.10"]
[Round "3.13"]
[White "Weber, Yannik"]
[Black "Krueger, Andre"]
[Result "1/2-1/2"]
[WhiteElo "1529"]
[BlackElo "1961"]
[Annotator "Fränzel,Marius"]
[PlyCount "111"]
[EventDate "2024.??.??"]
[WhiteTeam "SC Neckarsulm e.V."]
[BlackTeam "Oberhausener SV 1887 e"]

1. e4 e6 2. d4 d5 3. exd5 exd5 4. Nf3 Nf6 5. Be2 h6 6. h3 Bd6 7. O-O Be6 8. b3
Nbd7 9. Bb2 Ne4 10. Nbd2 f5 11. Ne5 O-O 12. c4 c6 13. Bd3 Nxd2 14. Qxd2 Nxe5
15. dxe5 Be7 16. Rfd1 dxc4 17. Bxc4 Bxc4 18. bxc4 Qxd2 19. Rxd2 Rfd8 20. Rad1
Rxd2 21. Rxd2 Rd8 22. Rxd8+ {(=)} Bxd8 23. f4 Bb6+ 24. Kf1 g6 25. Ke2 Kf7 26.
Bc1 Bd8 27. Be3 a6 28. Bf2 g5 29. g3 Ke6 30. Kf3 gxf4 31. gxf4 b5 32. cxb5 cxb5
33. Ke2 Kd5 34. Kd3 {(=)} Be7 35. Bb6 Bb4 36. Bd4 Be1 37. Bc3 Bg3 38. Bd2 h5
39. Ke3 Bh4 40. Bb4 Bd8 41. Kd3 a5 42. Bf8 Bb6 43. Bd6 Bf2 44. Bf8 Bg3 45. Bh6
Bf2 46. Bf8 Bg3 47. Bh6 {(=)} b4 48. Ke3 Be1 49. Kd3 Bg3 50. Ke3 Be1 51. Bf8 a4
52. Kd3 Bg3 53. Ke3 Be1 54. Kd3 Bg3 55. Ke3 Be1 56. Kd3 1/2-1/2

[Event "XIII. Solinger Karnevalsopen"]
[Site "Solingen"]
[Date "2024.02.10"]
[Round "3.14"]
[White "Tonev, Vasil"]
[Black "Bien, Stefan"]
[Result "0-1"]
[WhiteElo "1672"]
[BlackElo "2017"]
[PlyCount "68"]
[EventDate "2024.??.??"]
[WhiteTeam "SV Horrem 1948"]
[BlackTeam "SV Horrem 1948"]

1. d4 c6 2. c4 d5 3. Nc3 Nf6 4. Nf3 e6 5. Bg5 Nbd7 6. e3 Qa5 7. Qa4 Qxa4 8.
Nxa4 Ne4 9. Nc3 Bb4 10. Rc1 Nb6 11. Bd3 Bxc3+ 12. bxc3 Nxg5 13. Nxg5 f6 14. c5
fxg5 15. cxb6 axb6 16. Rc2 b5 17. h4 gxh4 18. Rxh4 h6 19. f4 Bd7 20. g4 Ke7 21.
Rch2 Ra3 22. g5 Rxc3 23. Kd2 Ra3 24. Bb1 b4 25. gxh6 gxh6 26. Rxh6 Rxh6 27.
Rxh6 Ra8 28. Kc2 b6 29. Kb2 Rg8 30. Rh5 Rg2+ 31. Kb3 c5 32. Bh7 Bb5 33. Bc2
Bc4+ 34. Kb2 Bd3 0-1

[Event "XIII. Solinger Karnevalsopen"]
[Site "Solingen"]
[Date "2024.02.10"]
[Round "3.15"]
[White "Sereda, Yaroslava"]
[Black "Jovanovic, Lucas"]
[Result "1-0"]
[WhiteElo "1909"]
[BlackElo "1691"]
[PlyCount "97"]
[EventDate "2024.??.??"]
[WhiteTeam "SG Solingen e. V."]
[BlackTeam "Krefelder SK Turm 1851 e"]

1. e4 c5 2. Nf3 Nc6 3. d4 cxd4 4. Nxd4 Nf6 5. Nc3 h5 6. Be2 e5 7. Ndb5 d6 8.
Nd5 Nxd5 9. exd5 a6 10. dxc6 bxc6 11. Nc3 g6 12. Bf3 d5 13. Nxd5 cxd5 14. Bxd5
Ra7 15. Be3 Qa5+ 16. c3 Re7 17. Bg5 Rc7 18. Bf6 Rg8 19. O-O Bg7 20. Bxg7 Rxg7
21. Re1 f6 22. Qb3 Qc5 23. Bf3 Ke7 24. Rad1 Be6 25. Bd5 Bxd5 26. Rxd5 Qc4 27.
Qxc4 Rxc4 28. Ra5 Rc6 29. f4 Rg8 30. fxe5 f5 31. Rd1 Rb8 32. Rd6 Rbb6 33. Rxc6
Rxc6 34. Rd5 Rb6 35. b3 Rc6 36. c4 g5 37. Rd6 Rxd6 38. exd6+ Kxd6 39. h4 g4 40.
g3 a5 41. Kf2 Kc5 42. Ke3 Kd6 43. Kf4 Ke6 44. a3 Kf6 45. b4 a4 46. b5 Ke6 47.
b6 Kd6 48. Kxf5 Kc6 49. c5 1-0

[Event "XIII. Solinger Karnevalsopen"]
[Site "Solingen"]
[Date "2024.02.10"]
[Round "3.16"]
[White "Steinbach, Wolfgang"]
[Black "Reinacher, Detlev"]
[Result "1-0"]
[WhiteElo "1866"]
[BlackElo "1626"]
[PlyCount "47"]
[EventDate "2024.??.??"]
[WhiteTeam "SG Solingen e. V."]
[BlackTeam "SC Hansa Dortmund e. V."]

1. Nf3 d6 2. d4 g6 3. c4 Bg7 4. Nc3 Nf6 5. Bg5 Nbd7 6. e3 c6 7. Be2 Qc7 8. Qc2
O-O 9. Rd1 a6 10. Nd2 b5 11. a3 Bb7 12. O-O Rac8 13. Qb3 Rb8 14. Bf3 bxc4 15.
Qxc4 Nb6 16. Qa2 Rfc8 17. b4 h6 18. Bh4 g5 19. Bg3 h5 20. Nce4 h4 21. Nxg5 hxg3
22. Qxf7+ Kh8 23. Ne6 gxh2+ 24. Kh1 1-0

[Event "XIII. Solinger Karnevalsopen"]
[Site "Solingen"]
[Date "2024.02.10"]
[Round "3.17"]
[White "Runte, Dirk"]
[Black "Marcziter, Alex"]
[Result "1/2-1/2"]
[WhiteElo "1670"]
[BlackElo "1864"]
[PlyCount "44"]
[EventDate "2024.??.??"]
[WhiteTeam "SF Lohmar 1974 e. V."]
[BlackTeam "SG Porz e. V."]

1. e4 e5 2. Nf3 Nc6 3. d4 exd4 4. Bc4 Nf6 5. e5 d5 6. exd6 Bxd6 7. O-O O-O 8.
c3 dxc3 9. Nxc3 h6 10. Nb5 Bg4 11. Nxd6 cxd6 12. h3 Bh5 13. Be2 Re8 14. Nd4
Bxe2 15. Nxe2 Qb6 16. Nf4 Ne7 17. Be3 Qxb2 18. Bd4 Qb4 19. Rb1 Qc4 20. Rc1 Qb4
21. Rb1 Qc4 22. Rc1 Qb4 1/2-1/2

[Event "XIII. Solinger Karnevalsopen"]
[Site "Solingen"]
[Date "2024.02.10"]
[Round "3.18"]
[White "Balster, Semjon"]
[Black "Hapka, Luca"]
[Result "1-0"]
[WhiteElo "1863"]
[BlackElo "1620"]
[PlyCount "75"]
[EventDate "2024.??.??"]
[WhiteTeam "DJK Eintracht Coesfeld e. V."]
[BlackTeam "SC Bayer Leverkusen e. V"]

1. d4 Nf6 2. c4 g6 3. Nc3 Bg7 4. Nf3 d6 5. e3 O-O 6. Bd3 Na6 7. a3 c5 8. Rb1
Bd7 9. O-O Nc7 10. b4 b6 11. Nd2 e5 12. d5 Na6 13. b5 Nc7 14. Bb2 Nfe8 15. f4
exf4 16. exf4 f5 17. Nf3 Nf6 18. Qc2 Re8 19. Rbe1 Rxe1 20. Rxe1 Qf8 21. Ne2 Nh5
22. g3 Bxb2 23. Qxb2 Nf6 24. h3 Qg7 25. Qc2 h6 26. Nh4 h5 27. Kh2 Be8 28. Ng1
Bd7 29. Ngf3 Nh7 30. Re3 Ne8 31. Qe2 Kf8 32. g4 hxg4 33. hxg4 Nef6 34. gxf5
Ng4+ 35. Kh1 gxf5 36. Re7 Qa1+ 37. Kg2 Be8 38. Rxh7 1-0

[Event "XIII. Solinger Karnevalsopen"]
[Site "Solingen"]
[Date "2024.02.10"]
[Round "3.19"]
[White "Meckel, Helmut"]
[Black "Fetahovic, Sarah"]
[Result "1-0"]
[WhiteElo "1846"]
[BlackElo "1607"]
[PlyCount "71"]
[EventDate "2024.??.??"]
[WhiteTeam "SG Solingen e. V."]
[BlackTeam "SG Solingen e. V."]

1. b4 e5 2. Bb2 Bxb4 3. f4 exf4 4. Bxg7 Qh4+ 5. g3 fxg3 6. Bg2 gxh2+ 7. Kf1
hxg1=Q+ 8. Kxg1 Qg5 9. Bxh8 h6 10. e3 f6 11. Qh5+ Kf8 12. Qxg5 hxg5 13. Bd5 c6
14. Bxg8 Kxg8 15. Bxf6 g4 16. Rh8+ Kf7 17. Bc3 Bf8 18. d3 d5 19. Nd2 c5 20.
Rf1+ Ke7 21. Rfxf8 Nc6 22. Rxc8 Rxc8 23. Rxc8 Kd7 24. Rxc6 Kxc6 25. e4 dxe4 26.
dxe4 b5 27. a3 Kb6 28. e5 Kc6 29. Ne4 g3 30. e6 a6 31. Nxc5 Kd6 32. Bf6 b4 33.
axb4 a5 34. e7 a4 35. e8=Q a3 36. Qd7# 1-0

[Event "XIII. Solinger Karnevalsopen"]
[Site "Solingen"]
[Date "2024.02.10"]
[Round "3.20"]
[White "Shivkumar, Siddharth"]
[Black "Pernizki, Max"]
[Result "1-0"]
[WhiteElo "1845"]
[BlackElo "1495"]
[PlyCount "61"]
[EventDate "2024.??.??"]
[WhiteTeam "SG Solingen e. V."]
[BlackTeam "SG Solingen e. V."]

1. e4 c6 2. d4 d5 3. f3 dxe4 4. fxe4 e5 5. Nf3 Bg4 6. Bc4 Nd7 7. c3 Bd6 8. Qb3
Qe7 9. Qxb7 Rb8 10. Qxc6 Ngf6 11. dxe5 Bxf3 12. exd6 Qxe4+ 13. Qxe4+ Bxe4 14.
O-O O-O 15. b3 Rfe8 16. Nd2 Bg6 17. Ba3 Ng4 18. Rae1 Nge5 19. Re3 Kf8 20. Rfe1
Bh5 21. Bd5 f6 22. c4 Rb6 23. c5 Ra6 24. b4 Rb8 25. Nc4 Ng4 26. Rc3 Nge5 27.
Nxe5 Nxe5 28. c6 Bg4 29. c7 Re8 30. Rec1 Bc8 31. b5 1-0

[Event "XIII. Solinger Karnevalsopen"]
[Site "Solingen"]
[Date "2024.02.10"]
[Round "3.21"]
[White "Wilk, Clemens"]
[Black "Becker, Carsten"]
[Result "1-0"]
[WhiteElo "1662"]
[BlackElo "1835"]
[PlyCount "87"]
[EventDate "2024.??.??"]
[WhiteTeam "SF 1982 Oetzingen e.V."]
[BlackTeam "SG Solingen e. V."]

1. d4 Nf6 2. Bg5 e6 3. e3 c5 4. c3 Nc6 5. Nf3 h6 6. Bh4 g5 7. Bg3 Ne4 8. Nbd2
Nxg3 9. hxg3 cxd4 10. exd4 Bg7 11. Qc2 Qc7 12. Bd3 d5 13. Nf1 Bd7 14. Ne3 O-O-O
15. O-O-O Kb8 16. Kb1 Rc8 17. Rhe1 Qd6 18. Qe2 f5 19. Rc1 Rhf8 20. Red1 f4 21.
gxf4 Qxf4 22. Rd2 Rce8 23. Rh1 Re7 24. Bg6 Be8 25. Bxe8 Rexe8 26. Ne1 Qd6 27.
Qb5 a6 28. Qb6 e5 29. dxe5 Qg6+ 30. Ka1 Re6 31. Nxd5 Bxe5 32. Nd3 Qg7 33. Nc5
Rg6 34. Nxa6+ Ka8 35. Ndc7+ Bxc7 36. Nxc7+ Kb8 37. Na6+ Ka8 38. Nc5 Ne5 39.
Rd8+ Rxd8 40. Qxd8+ Ka7 41. Rd1 Nc6 42. Qc8 Nb8 43. Rd8 Nc6 44. Rd7 1-0

[Event "XIII. Solinger Karnevalsopen"]
[Site "Solingen"]
[Date "2024.02.10"]
[Round "3.22"]
[White "Kuhn, Andreas"]
[Black "Alugili, Yosef"]
[Result "1/2-1/2"]
[WhiteElo "1833"]
[BlackElo "1490"]
[Annotator "Fränzel,Marius"]
[PlyCount "86"]
[EventDate "2024.??.??"]
[WhiteTeam "SG Niederkassel"]
[BlackTeam "Duesseldorfer SK 14/25 e."]

1. Nf3 d5 2. g3 c5 3. Bg2 Nf6 4. O-O Nc6 5. d4 e6 6. c4 cxd4 7. Nxd4 Bc5 8. Nb3
Bb6 9. Qc2 O-O 10. Rd1 d4 11. c5 Bc7 12. Bxc6 bxc6 13. Nxd4 Qe8 14. Nc3 e5 15.
Nf5 Qe6 16. Nd6 Rd8 17. Bg5 Bxd6 18. cxd6 Rxd6 19. Rxd6 Qxd6 20. Rd1 Qe7 21.
Ne4 Bf5 {(=)} 22. Nxf6+ Qxf6 23. Bxf6 Bxc2 24. Rc1 gxf6 25. Rxc2 Rb8 26. b3 Rb6
27. Kg2 Kg7 28. e4 Kg6 29. Kf3 f5 30. Rc5 fxe4+ 31. Kxe4 f6 32. Ra5 Rb4+ 33.
Ke3 Rb7 34. Ra6 c5 35. Ra4 Rd7 36. Ra5 Rc7 37. Kd3 Rd7+ 38. Kc3 Kf5 39. f3 Rd1
40. Rxc5 Rf1 41. Kd3 Rf2 42. Rc2 Rxf3+ 43. Ke2 e4 1/2-1/2

[Event "XIII. Solinger Karnevalsopen"]
[Site "Solingen"]
[Date "2024.02.10"]
[Round "3.23"]
[White "Amini, Yusuf"]
[Black "Schuricht, Paul Alexander"]
[Result "1/2-1/2"]
[WhiteElo "1657"]
[BlackElo "1785"]
[PlyCount "77"]
[EventDate "2024.??.??"]
[WhiteTeam "SC Monheim/Baumberg 1958"]
[BlackTeam "Krefelder SK Turm 1851 e"]

1. e4 e5 2. Nf3 Nc6 3. Bb5 a6 4. Ba4 Nf6 5. O-O Be7 6. Re1 b5 7. Bb3 O-O 8. c3
d5 9. d4 dxe4 10. Nxe5 Nxe5 11. dxe5 Qxd1 12. Bxd1 Ng4 13. Rxe4 Rd8 14. Nd2 Bg5
15. Bxg4 Bxd2 16. Bxc8 Raxc8 17. Rd4 Bxc1 18. Rxc1 c5 19. Rdd1 Kf8 20. f4 Ke7
21. Kf2 c4 22. Ke2 Ke6 23. Rxd8 Rxd8 24. Rd1 Rxd1 25. Kxd1 Kf5 26. g3 g5 27.
fxg5 Kxg5 28. Ke2 Kf5 29. h3 Ke4 30. g4 Kf4 31. Kf2 Kxe5 32. Ke3 f5 33. a3 a5
34. Kf3 Kf6 35. Kf4 fxg4 36. hxg4 h6 37. Kf3 Kg6 38. Kf4 Kf6 39. Kf3 1/2-1/2

[Event "XIII. Solinger Karnevalsopen"]
[Site "Solingen"]
[Date "2024.02.10"]
[Round "3.24"]
[White "Lueersen, Lukas"]
[Black "Fetahovic, Dzenan"]
[Result "1-0"]
[WhiteElo "1650"]
[BlackElo "1758"]
[PlyCount "45"]
[EventDate "2024.??.??"]
[WhiteTeam "SF Essen-Katernberg 0"]
[BlackTeam "SG Solingen e. V."]

1. e4 e5 2. d4 Nc6 3. Nf3 exd4 4. Bc4 h6 5. O-O d6 6. Nxd4 Nxd4 7. Qxd4 Be6 8.
Nc3 Ne7 9. Bxe6 fxe6 10. f4 Qd7 11. Be3 Nc6 12. Qa4 Be7 13. Rad1 a6 14. Nb5 O-O
15. Nd4 b5 16. Qb3 Nd8 17. f5 c5 18. Nxe6 Nxe6 19. fxe6 Qc6 20. Qd5 Qc7 21. Rf7
Rxf7 22. exf7+ Kf8 23. Qxa8+ 1-0

[Event "XIII. Solinger Karnevalsopen"]
[Site "Solingen"]
[Date "2024.02.10"]
[Round "3.25"]
[White "Lueersen, Jan"]
[Black "Rabiya, Karim"]
[Result "0-1"]
[WhiteElo "1648"]
[BlackElo "1715"]
[PlyCount "100"]
[EventDate "2024.??.??"]
[WhiteTeam "SF Essen-Katernberg 0"]
[BlackTeam "SK Niederbrechen 1948"]

1. e4 Nf6 2. e5 Nd5 3. d4 d6 4. c4 Nb6 5. exd6 cxd6 6. b3 g6 7. Bb2 Bg7 8. Bd3
O-O 9. Ne2 Nc6 10. O-O e5 11. d5 Nb4 12. Nbc3 Nxd3 13. Qxd3 f5 14. f4 Nd7 15.
Ba3 Qb6+ 16. Kh1 Nc5 17. Bxc5 Qxc5 18. Rab1 a5 19. Nb5 Bd7 20. Nec3 Bxb5 21.
Nxb5 Rac8 22. Qd2 b6 23. Na7 Rce8 24. Nc6 exf4 25. Rbe1 Re3 26. Rxf4 Rfe8 27.
Rxe3 Qxe3 28. Qxe3 Rxe3 29. Rf1 Be5 30. Rb1 Kf8 31. Kg1 Re2 32. a3 Ra2 33. a4
Ke8 34. Re1 Ra1 35. Rxa1 Bxa1 36. Kf2 g5 37. Ke3 h5 38. Kd3 g4 39. Ke3 Kf7 40.
Nd8+ Kf6 41. Ne6 Bb2 42. h3 Ke5 43. hxg4 hxg4 44. g3 Bc1+ 45. Kd3 f4 46. gxf4+
Bxf4 47. Nf8 Kf5 48. Nd7 g3 49. Ke2 Ke4 50. Nxb6 g2 0-1

[Event "XIII. Solinger Karnevalsopen"]
[Site "Solingen"]
[Date "2024.02.10"]
[Round "3.26"]
[White "Mercan, Emre Furkan"]
[Black "Erkay, Necip Ali"]
[Result "1/2-1/2"]
[WhiteElo "1658"]
[BlackElo "1874"]
[PlyCount "50"]
[EventDate "2024.??.??"]
[WhiteTeam "vereinslos"]
[BlackTeam "SG Solingen e. V."]

1. d4 Nf6 2. Bf4 e6 3. e3 Be7 4. Nd2 b6 5. h3 Bb7 6. Ngf3 O-O 7. Bd3 Nd5 8. Bg3
f5 9. Bh2 Nf6 10. Qe2 Ne4 11. c3 d6 12. O-O Nd7 13. Bc2 d5 14. Ne5 Nxe5 15.
Bxe5 Bd6 16. Nf3 Bxe5 17. Nxe5 c5 18. Kh2 Qd6 19. f4 a5 20. Bxe4 fxe4 21. Rfc1
c4 22. g4 b5 23. Rf1 Bc8 24. Rf2 Bd7 25. Raf1 Rf6 1/2-1/2